System engineering analysis, design, and development : (Record no. 601152)

000 -LEADER
fixed length control field 00302nam a2200109Ia 4500
008 - FIXED-LENGTH DATA ELEMENTS--GENERAL INFORMATION
fixed length control field 230907s9999||||xx |||||||||||||| ||und||
082 ## - DEWEY DECIMAL CLASSIFICATION NUMBER
Classification number 3
Author Mark WAS
100 ## - MAIN ENTRY--PERSONAL NAME
Personal name Wasson, Charles S.,
9 (RLIN) 116132
245 #0 - TITLE STATEMENT
Title System engineering analysis, design, and development :
300 ## - PHYSICAL DESCRIPTION
Extent xxvii, 846 pages :
942 ## - ADDED ENTRY ELEMENTS (KOHA)
Koha item type Book
Holdings
Withdrawn status Lost status Damaged status Not for loan Permanent Location Current Location Date acquired Total Checkouts Full call number Barcode Date last seen Price effective from Koha item type
        US-Pakistan Center for Advanced Studies in Energy (USPCAS-E) US-Pakistan Center for Advanced Studies in Energy (USPCAS-E) 11/20/2019   003 WAS CAS-E0005251 09/12/2023 09/12/2023 Book
© 2023 Central Library, National University of Sciences and Technology. All Rights Reserved.